000 00826nam a22002177a 4500
999 _c10471
_d10471
003 AR-CdUCM
008 190401b ||||| |||| 00| 0 spa d
040 _aMUNICIPALIDAD PROVINCIAL DEL CUSCO
_cBIBLIOTECA MUNICIPAL DEL CUSCO
082 _22ed.
_aEP / 030 /
_bA77
100 _aArroyo, Jose Antonio
_927350
245 _aLa botánica en experimentos /
260 _aMadrid :
_bSantillana,
_c1967.
300 _a124 páginas ;
_bimágenes.
_c21 cm.
440 _aEnciclopedia de las aficiones.
_927268
505 _aContenido: Panorámica del mundo de las plantas -- Los componentes de las plantas -- La forma y la estructura de las plantas -- cómo se reproducen las plantas.
650 _aPlantas.
_919530
650 _aBotánica.
_92790
650 _aForma de las plantas.
_927351
942 _2ddc
_cLIBROS
945 _awfj